| 000 | 00926cam a22002775a 4500 | ||
|---|---|---|---|
| 999 |
_c208 _d208 |
||
| 005 | 20190424132802.0 | ||
| 008 | 130421s2004 njua frb 001 0 eng d | ||
| 010 | _a 2003040562 | ||
| 020 | _a0131009923 (pbk.) | ||
| 020 | _a9780131009929 | ||
| 040 |
_aEG-ScBUE _beng _cEG-ScBUE _dEG-ScBUE |
||
| 082 | 0 | 4 |
_a658.4092 _bDES _222 |
| 100 | 1 |
_aDessler, Gary, _933129 |
|
| 245 | 1 | 0 |
_aManagement : _bprinciples and practices for tomorrow's leaders / _cGary Dessler. |
| 250 | _a3rd ed. | ||
| 260 |
_aUpper Saddle River, N.J. : _bPearson / Prentice Hall, _cc.2004. |
||
| 300 |
_a1 v. (various pagings) : _bill. (col.) ; _c28 cm. |
||
| 500 | _aIncludes glossary. | ||
| 504 | _aIncludes bibliographical references and index. | ||
| 650 | 7 |
_aManagement. _2BUEsh _933130 |
|
| 650 | 7 |
_aLeadership. _2BUEsh _933131 |
|
| 650 | 7 |
_aOrganization. _2BUEsh _933132 |
|
| 651 | _2BUEsh | ||
| 653 |
_bBUSADM _cApril2019 |
||
| 942 | _2ddc | ||